000 00660nam a2200241Ia 4500
003 OSt
005 20220926012847.0
006 a|||||r|||| 00| 0
007 ta
008 220923b |||||||| |||| 00| 0 eng d
037 _cGeneral Book
040 _aRTL
_cRTL
_beng
041 _2eng
_aeng
082 _aQ.N, H8
100 _aFerm Vergilius Ed.
_94998
245 0 _aReligion in the twentieth century
260 _aNew York
_bGreenwood Press USA
_c1948
300 _axix, 470p
_ccm.
500 _aBib at the end of each chapter
650 _aReligion
942 _hQ.N, H8
_cGB
_2CC
999 _c624526
_d624526